000 00758nam a2200217Ii 4500
003 JO-AjNU
008 230605s9999||||xx |||||||||||||| ||und||
017 _a1992/1/46
040 _aJO-AjNU
_bara
_erda
_cJO-AjNU
041 _aara
050 1 4 _aBP165.M34 1982
100 3 _aمكرم،عبد العال سالم,
_eauthor
_919707
245 0 0 _aالفكر الإسلامي بين العقل والوحي واثره في مستقبل الاسلام
250 _aط2
264 3 1 _aبيروت:مؤسسة الرسالة للطباعة والنشر والتوزيع ،1992
300 _a128ص
336 _atext
_btxt
_2rdacontent
337 _aunmediated
_bn
_2rdamedia
338 _avolume
_bnc
_2rdacarrier
650 4 _aالإسلام وحضارة
_919708
999 _aA6551
_c10119
_d10119